Jezyk public relations jak promovac firme

Na minha lista:
Detalhes bibliográficos
Autor principal: Murdoch, Anna
Formato: Livro
Idioma:polonês
Publicado em: Warszawa Poltext 1998
Colecção:Warsztaty menedzerskie
Assuntos:
Tags: Adicionar Tag
Sem tags, seja o primeiro a adicionar uma tag!

MARC

LEADER 00000nam a2200000 4500
001 c117153
005 20221221082804.4
020 |a 83-86890-40-1 
041 0 |a pol 
044 |a PL 
245 1 0 |a Jezyk public relations  |b jak promovac firme  |c Anna Murdoch 
264 1 |a Warszawa  |b Poltext  |c 1998 
300 |a 183 s. 
490 1 |a Warsztaty menedzerskie 
830 0 |a Warsztaty menedzerskie 
610 2 0 |a práca s verejnosťou 
610 2 0 |a administratíva 
610 2 0 |a komunikácia 
610 2 0 |a terminológia 
610 2 0 |a jazyky cudzie 
610 2 0 |a korešpondencia 
610 2 0 |a vzory 
610 2 0 |a štýl pracovný 
610 2 0 |a informácie 
610 2 0 |a poradenstvo 
100 1 |a Murdoch, Anna